Seven Languages in seven weeks (Record no. 22923)
[ view plain ]
| 000 -LEADER | |
|---|---|
| fixed length control field | 00296nam a2200145Ia 4500 |
| 082 ## - DEWEY DECIMAL CLASSIFICATION NUMBER | |
| Classification number | 5.133 |
| Item number | TAT |
| 100 ## - MAIN ENTRY--PERSONAL NAME | |
| Personal name | Tate/Bruce A |
| 245 ## - TITLE STATEMENT | |
| Title | Seven Languages in seven weeks |
| 260 ## - PUBLICATION, DISTRIBUTION, ETC. | |
| Name of publisher, distributor, etc. | SPD |
| Date of publication, distribution, etc. | 2010 |
| 366 ## - TRADE AVAILABILITY INFORMATION | |
| Publishers's discount category | 25 |
| 300 ## - PHYSICAL DESCRIPTION | |
| Extent | 317 |
| 546 ## - LANGUAGE NOTE | |
| Language note | ENGLISH |
| -- | Computers |
| 942 ## - ADDED ENTRY ELEMENTS (KOHA) | |
| Koha item type | BOOK |
| Withdrawn status | Lost status | Damaged status | Not for loan | Collection | Home library | Current library | Date acquired | Source of acquisition | Cost, normal purchase price | Inventory number | Total Checkouts | Full call number | Barcode | Date last seen | Date last checked out | Cost, replacement price | Price effective from | Koha item type |
|---|---|---|---|---|---|---|---|---|---|---|---|---|---|---|---|---|---|---|
| CRC | Fr. Agnel's C.Rodrigues College of Engineering | AGNEL TECHNICAL COLLEGE LIBRARY | 17/03/2023 | Dharma Enterprises | 393.75 | 19 dt 10/04/2012 | 1 | 5.133 TAT | 21974 | 08/07/2025 | 26/06/2025 | 525.00 | BOOK |